01606nam a2200433 i 450000100060000000300080000600500170001400600190003100700150005000800410006502000180010603500230012403500240014703500250017103500210019604000310021705000210024808000100026908200140027910000210029324500660031426400550038030000400043533600310047533700330050633800430053950000230058250400290060558801250063459001590075965000350091865000390095365000270099265000280101965500270104779700190107485600620109399900170115566329FlNmELB20241217142717.0m o d | cr cnu||||||||160315s2015 ag ob 001 0 spa d z9789871086894 a(MiAaPQ)EBC4310125 a(Au-PeEL)EBL4310125 a(CaPaEBR)ebr11138279 a(OCoLC)984804291 aFINmELBbspaerdacFINmELB 4aHM258bH254 2015 a302.20 a302.22231 aHarari, Alberto.10aIntroducción a la comunicación escrita /cAlberto Harari. 1aBuenos Aires :bEdiciones del Aula Taller,c[2015] a1 recurso en línea (89 páginas) atextobtxt2rdacontent/spa acomputadorabc2rdamedia/spa arecurso en líneabcr2rdacarrier/spa aContiene índice. aContiene bibliografía. aDescripción basada en recurso en línea; Título de la página del título en PDF (e-libro, visto March 15, 2016). aRecurso electronico. Santa Fe, Arg. : e-libro, 2016. Disponible via World Wide Web. El acceso puede ser limitado para las bibliotecas afiliadas a e-libro. 0aCommunicationxSocial aspects. 4aComunicaciónxAspectos sociales. 0aWritten communication. 4aComunicación escrita. 4aLibros electrónicos.2 ae-libro, Corp.40uhttps://elibro.net/ereader/politecnicointernacional/76257 c66329d66329